000 00964nam a2200289Ia 4500
001 H2582
003 IT-RoPAU
008 130308s9999 xx 000 0 und d
040 _aIT-RoPAU
040 _cIT-RoPAU
041 _aFRANCESE
100 _aFaivre Bernard
100 _gCodice Aut. SPICS: 24978
245 _aEcrire au pluriel: le theatre de l'aquarium de 1970 a 1977
245 _bEcrire pour le Theatre. Les Enjeux de L'Ecriture Dramatique
250 _a1a ed.
260 _aPARIS
260 _bCNRS
260 _c2000 [1° Ed.:2000 - Ed.Ling.Originale:2000]
300 _a"14 p. (prefazione: no ; testo: 14 [pagine: 161-174])"
500 _aScrivere al Plurale: Creazione Collettiva. creazioni del Teatro dell'Aquarium dal 1970 al 1977. Nascita del Collettivo. tensioni e Brancolamenti. Supremazia del Collettivo.
650 _aTEORICHE TEATRALI
650 _eCodice materia Spics: 8405
942 _cBK
957 _71
999 _c86616
_d86616
999 _g1